000 01240nam a22002897a 4500
001 1504
003 CO-MdFUSB
005 20240531062735.0
008 170405t1966 xxu||||| |||| 00| 0 eng d
040 _aCO-MdFUSB
_bspa
_cCO-MdFUSB
_dCO-MdFUSBC
_erda
041 0 _aeng
082 0 4 _aG 209 L818m
100 1 _aLockyer, Herbert
_eautor
245 4 _aThe man who changed the world or conquests of Christ through the centuries
_c / Herbert Lockyer
264 4 _aGrand Rapids, MI., USA :
_b Zondervan
_c©1966
300 _aVol. 1, 418 páginas ; Vol 2, 441 páginas
336 _2rdacontent
_a1
_ba1
337 _2rdamedia
_a2
_b5
338 _2rdacarrier
_a2
_b5
500 _aVol. 1 : First through the sixteenth centuries. 418 Pag. Vol. 2 : Seventeenth through the twentieth centuries. 441 Pag.
501 _aPasta dura
505 0 0 _aVol. 1 : El impacto de la vida, verdad, milagros, apóstolos y legado de Cristo - La influencia de Cristo sobre el mundo del primer siglo hasta el siglo XVI , Vol. 2 : La influencia de Cristo sobre el mundo del siglo XVII hasta el siglo XX - La influencia de Cristo en el futuro
650 7 _aCristianismo
_2
_922
650 7 _aBiografía
_9409
653 _aCristianismo - Biografías
942 _cBK
999 _c32824
_d32824